000
00316nam a22001457a 4500
008
210518b ||||| |||| 00| 0 eng d
020
_a
9781931579070
041
_a
eng
080
_a
574
082
_a
574
100
_a
9
101
_a
MJE
245
_a
Water Use and Conservation
_c
Amy Vickers
942
_2
udc
_c
BK
999
_c
57428
_d
57428